000 00845nas a2200289 4500
001 BR7702439
003 BR-BrBNA
005 20231205083158.0
007 ta
008 230509b bl.|||p| |||| 00| 00por d
040 _aBR-BrBNA
_bpor
_cBiblioteca Nacional de Agricultura
041 _a(Pt)
072 _aH10
100 1 _aFranco, J.F.
100 1 _aDionisio, A.
100 1 _aPalma, V. de
100 1 _aTardivo, J.C.
100 1 _aMariconi, F.A.M.
245 1 _a"Acaro dos citros" e seu combate quimico experimental [Fruta citrica]
650 _aFRUTA CITRICA
650 _aACARO
650 _aINSETICIDA
650 _aCONTROLE QUIMICO
773 0 _tAnais da Sociedade Entomologica do Brasil (Brazil)
_xISSN 0301-8059
_g(1977), v. 6(2) p. 301-305
_wBR7702439
909 _a202311
_bLúcia
_c55
_dLúcia Elande
942 _2AGRIS
_n0
_cANA
999 _c96945
_d96945